000
00303nam a22001337a 4500
008
170131b xxu||||| |||| 00| 0 eng d
020
_a
9780679771739
041
_a
eng
080
_a
61
100
_a
3
101
_a
SHM
245
_a
YOUR GUIDE TO HEALTH AND MEDICAL ADVICE
_c
WOLFF,M
942
_2
udc
_c
BK
999
_c
4100
_d
4100